| 000 | 00762nam a2200217 4500 | ||
|---|---|---|---|
| 003 | LK-CoMWRAF | ||
| 005 | 20240126111209.0 | ||
| 008 | 231213b |||||||| |||| 00| 0 eng d | ||
| 020 | _a9789551772451 | ||
| 040 |
_aLK-CoMWRAF _dLK-CoMWRAF _eLK-CoMWRAF |
||
| 041 | _asin | ||
| 082 |
_a303.48 _bLET |
||
| 100 | _aලේතන්, ට්රෙසී | ||
| 245 | _aගැහැනු පළාත් පාලනය සහ සුනාමිය | ||
| 246 | _agahanu palath palanaya saha sunamiya | ||
| 260 |
_aකොළඹ : _bසමාජ විද්යාඥයින්ගේ සංගමය _c2009 |
||
| 300 | _aපි. 49 | ||
| 650 | _aආපදා-කාන්තාවෝ | ||
| 650 | _aආපදා-ශ්රී ලංකාව | ||
| 942 | _cBK | ||
| 999 |
_c4405 _d4405 |
||